Συνίζηση των e, i, στη μεσαιωνική και νεα ελληνική
Αποθηκεύτηκε σε:
| Κύριος συγγραφέας: | |
|---|---|
| Μορφή: | Βιβλίο |
| Γλώσσα: | Greek |
| Δημοσίευση: |
Ιωάννινα :
Φιλοσοφική Σχολή Πανεπιστημίου Ιωαννίνων,
1983
|
| Θέματα: | |
| Ετικέτες: |
Προσθήκη ετικέτας
Δεν υπάρχουν, Καταχωρήστε ετικέτα πρώτοι!
|
MARC
| LEADER | 00000nam a2200000 i 4500 | ||
|---|---|---|---|
| 001 | 1/11455 | ||
| 008 | 000912s1983 gre d | ||
| 035 | |l 10063838 | ||
| 040 | |a GR-MY-UA |b gre |e aacr | ||
| 041 | 0 | |a gre | |
| 082 | 0 | |a 489.3 | |
| 100 | 1 | |a Μηνάς, Κωνσταντίνος. | |
| 245 | 1 | 0 | |a Συνίζηση των e, i, στη μεσαιωνική και νεα ελληνική |h [ανάτυπο] / |c Κωνσταντίνου Μηνά |
| 260 | |a Ιωάννινα : |b Φιλοσοφική Σχολή Πανεπιστημίου Ιωαννίνων, |c 1983 | ||
| 300 | |a σ. 283-289; |c 24 cm | ||
| 500 | |a Από τον ΙΒ' τόμο της "Δωδώνης", Επιστημονική Επετηρίδα της Φιλοσοφικής Σχολής του Πανεπιστημίου Ιωαννίνων | ||
| 650 | 0 | 0 | |a Greek language, Medieval and late. |
| 650 | 0 | 0 | |a Greek language, Modern. |
| 852 | |a INST |b RHODES |e 20000912 |h 489.3 ΜΗΝ |p 005400013433 |q 005400013433 |t BK |y 0 | ||
| 901 | |a BIBL4-2000-3 | ||
| 909 | |a Ρ |b 078523 | ||
| 922 | |a 4ΔΩΡ |b 200004 | ||
| 970 | |z 2000/09/ΣΟΦΙΑ | ||